Analýza vplyvu teplôt na konštrukciu

Guardado en:
Detalles Bibliográficos
Autor principal: Stručka, Juraj, 1989- (Autor)
Otros Autores: Králik, Juraj, 1952- (Orientador)
Formato: Manuscrito Libro
Lenguaje:eslovaco
Publicado: Bratislava : STU v Bratislave SvF, 2012
Materias:
Acceso en línea:VAIS
Etiquetas: Agregar Etiqueta
Sin Etiquetas, Sea el primero en etiquetar este registro!

MARC

LEADER 00000ntm a22000003a 4500
001 stu252777
005 20150617230227.1
008 120721s2012----xo------------------slo-d
040 |a STU  |b slo 
041 0 |a slo 
044 |a xo 
100 1 |a Stručka, Juraj,  |d 1989-  |4 aut  |u V  |T SvF Stavebná fakulta  |X 67187  |U V  |Y 10  |7 A000067187 
242 0 0 |a Analysis of the effect of temperature on the structure  |y eng 
245 1 |a Analýza vplyvu teplôt na konštrukciu 
260 |a Bratislava :  |b STU v Bratislave SvF,  |c 2012 
650 7 |a inžinierske konštrukcie a dopravné stavby  |2 stusub 
650 7 |a Structural and Transportation Engineering  |2 estusub 
650 7 |a fire  |2 estusub 
650 7 |a structure  |2 estusub 
650 7 |a temperature  |2 estusub 
650 7 |a teplota  |2 stusub 
650 7 |a konštrukcia  |2 stusub 
650 7 |a požiar  |2 stusub 
700 1 |a Králik, Juraj,  |d 1952-  |4 ths  |u V250  |U SvF Stavebná fakulta  |T SvF Katedra stavebnej mechaniky  |X 850  |U V250  |Y 26  |7 A000000850 
856 4 |a info a plný text  |u http://is.stuba.sk/zp/portal_zp.pl?podrobnosti=67761  |3 VAIS